| 000 | 00356 a2200145 4500 | ||
|---|---|---|---|
| 005 | 20250717124013.0 | ||
| 008 | 250717b |||||||| |||| 00| 0 eng d | ||
| 020 | _a9789389567359 | ||
| 041 | _aEnglish | ||
| 100 |
_aVivekananda S. _9110883 |
||
| 245 | _aPatanjali’s Yoga Sutras | ||
| 260 |
_bFingerprint Classics _c2022 |
||
| 300 | _a160 | ||
| 942 | _cBK | ||
| 999 |
_c365492 _d365492 |
||